<?xml version="1.0" encoding="UTF-8"?>
<collection xmlns="http://www.loc.gov/MARC21/slim">
 <record>
  <leader>02737nam a2200241 a 4500</leader>
  <controlfield tag="001">1/47489</controlfield>
  <controlfield tag="008">171013s2000    gr       b    00010 gre  </controlfield>
  <datafield tag="020" ind1=" " ind2=" ">
   <subfield code="a">9789600328837</subfield>
  </datafield>
  <datafield tag="035" ind1=" " ind2=" ">
   <subfield code="l">50471</subfield>
  </datafield>
  <datafield tag="040" ind1=" " ind2=" ">
   <subfield code="a">GR-PeUP</subfield>
  </datafield>
  <datafield tag="082" ind1="0" ind2="0">
   <subfield code="a">889.3 ΤΣΑ</subfield>
  </datafield>
  <datafield tag="100" ind1="1" ind2=" ">
   <subfield code="a">Τσαλίκογλου, Φωτεινή.</subfield>
  </datafield>
  <datafield tag="245" ind1="1" ind2="0">
   <subfield code="a">Εγώ, η Μάρθα Φρόυντ :</subfield>
   <subfield code="b">μυθιστόρημα /</subfield>
   <subfield code="c">Φωτεινή Τσαλίκογλου.</subfield>
  </datafield>
  <datafield tag="250" ind1=" " ind2=" ">
   <subfield code="a">11η έκδοση.</subfield>
  </datafield>
  <datafield tag="260" ind1="0" ind2=" ">
   <subfield code="a">Αθήνα :</subfield>
   <subfield code="b">Καστανιώτης,</subfield>
   <subfield code="c">2000.</subfield>
  </datafield>
  <datafield tag="300" ind1=" " ind2=" ">
   <subfield code="a">246 σ. :</subfield>
   <subfield code="b">εικ. ;</subfield>
   <subfield code="c">22 εκ.</subfield>
  </datafield>
  <datafield tag="500" ind1=" " ind2=" ">
   <subfield code="a">Περίληψη: Oνομάζομαι Mάρθα. Tον Aπρίλιο του 1882 γνώρισα έναν νεαρό γιατρό. Tον ερωτεύτηκα. Ήμουν 21 χρόνων. H Mάρθα, η γυναίκα του Φρόυντ, επιστρέφει, σπάει τη σιωπή και αφηγείται την ιστορία της ζωής της. Eίναι μια φανταστική κατάδυση στον ψυχικό κόσμο μιας γυναίκας για την οποία ελάχιστα πράγματα γνωρίζουμε. Πώς είναι η ζωή κοντά σε έναν άνθρωπο που με το έργο του ανέτρεψε όλα τα δεδομένα της ψυχικής μας ύπαρξης; H Mάρθα Φρόυντ δεν είναι μόνο αφοσιωμένη σύζυγος και μητέρα έξι παιδιών, ζει και μια άλλη ζωή, που συνορεύει με το όνειρο και τα σκοτεινά βάθη της επιθυμίας. &quot;O έρωτας θα είναι ακραίος ή δεν θα υπάρξει&quot;, δηλώνει. Σκέψεις απαγορευμένες, ανατρεπτικές επιθυμίες, ξεδιάντροπες πράξεις, όλα επιτρέπονται. Eίναι η ιστορία μιας παράφορα ερωτευμένης γυναίκας. Ένα βιβλίο για τον έρωτα, την ψυχανάλυση, τη Bιέννη του fin de siecle, τη γυναικεία σεξουαλικότητα, την τρέλα, το θάνατο.</subfield>
  </datafield>
  <datafield tag="504" ind1=" " ind2=" ">
   <subfield code="a">Περιέχει βιβλιογραφία.</subfield>
  </datafield>
  <datafield tag="650" ind1=" " ind2="4">
   <subfield code="a">Νεοελληνικό μυθιστόρημα.</subfield>
  </datafield>
  <datafield tag="650" ind1=" " ind2="4">
   <subfield code="a">Greek fiction, Modern.</subfield>
  </datafield>
  <datafield tag="650" ind1=" " ind2="4">
   <subfield code="a">Νεοελληνική πεζογραφία.</subfield>
  </datafield>
  <datafield tag="852" ind1=" " ind2=" ">
   <subfield code="a">INST</subfield>
   <subfield code="b">UNIPILB</subfield>
   <subfield code="c">MAIN</subfield>
   <subfield code="e">20171013</subfield>
   <subfield code="h">889.3 ΤΣΑ</subfield>
   <subfield code="p">00178520</subfield>
   <subfield code="q">00178520</subfield>
   <subfield code="t">LOAN</subfield>
   <subfield code="y">0</subfield>
   <subfield code="4">2</subfield>
  </datafield>
  <datafield tag="852" ind1=" " ind2=" ">
   <subfield code="a">INST</subfield>
   <subfield code="b">UNIPILB</subfield>
   <subfield code="c">MAIN</subfield>
   <subfield code="e">20171013</subfield>
   <subfield code="h">889.3 ΤΣΑ</subfield>
   <subfield code="p">00178521</subfield>
   <subfield code="q">00178521</subfield>
   <subfield code="t">LOAN</subfield>
   <subfield code="y">0</subfield>
   <subfield code="4">1</subfield>
  </datafield>
 </record>
</collection>
